00885nam a2200217 a 450000100100000000500170001000800410002702000150006804000250008308200150010810000420012324501660016526000610033130000270039250000350041970000390045470000350049304900090052895201130053799900170065000002217820200930011622.0100917s1996 sp a 000 | spa d a8478203346 aDO-SdBNPbspacBNPHU axxxbG724e1 aCarderera y Solano, Valentín94588410aEstudio de Goya :b1835-1885 /cValentín Carderera y Solano; estudio y edición al cuidado de Ricardo Centellas Salamero; traducción, Hugo Peñalosa Madec. aZaragoza :bInstitución Fernando el Católico,c1996. a99 p. :bil. ;c18 cm. aIncluye notas al pie páginas1 aPeñalosa Madec, Hugoetr.9458851 aCentellas, Ricardoeed.945886 aBNGR 001050718MOaGRbGRcCTd2010-09-17iLF1l0oxxx G724ep22178-10r2020-06-25w2020-06-25y1ZNo se presta c21676d21676